Catálogo Biblioteca Central

Régimen jurídico de los convenios de colaboración (Registro nro. 40855)

Detalles MARC
000 -CABECERA
campo de control de longitud fija 00942naa a2200241 i 4500
001 - NÚMERO DE CONTROL
campo de control 40855
003 - IDENTIFICADOR DEL NÚMERO DE CONTROL
campo de control ES-MaBCM
005 - FECHA Y HORA DE LA ÚLTIMA TRANSACCIÓN
campo de control 20241016104335.0
008 - CÓDIGOS DE INFORMACIÓN DE LONGITUD FIJA
campo de control de longitud fija 960507s1995 esp 000 0 spa d
021 ## -
-- xx
035 ## - NÚMERO DE CONTROL DEL SISTEMA
Número de control de sistema (OCoLC)1365151255
040 ## - FUENTE DE LA CATALOGACIÓN
Centro transcriptor ES-MaBCM
041 0# - CÓDIGO DE LENGUA
Código de lengua del texto/banda sonora o título independiente spa
043 ## - CÓDIGO DE ÁREA GEOGRÁFICA
Código de área geográfica esp
100 1# - PUNTO DE ACCESO PRINCIPAL - NOMBRE DE PERSONA
Nombre de persona Panizo García, Antonio
9 (RLIN) 35253
245 10 - MENCIÓN DE TÍTULO
Título Régimen jurídico de los convenios de colaboración
Mención de responsabilidad etc. Antonio Panizo García
520 ## - SUMARIO, ETC.
Sumario etc. La idea de colaboración en un fin común de interés público como nota diferenciadora de tales convenios respecto de los contratos regulados por la Ley 13/1995, de 18 de mayo. Convenios de colaboración entre entidades de derecho público o privado...
650 27 - PUNTO DE ACCESO ADICIONAL DE MATERIA--TÉRMINO DE MATERIA
Término de materia o nombre geográfico como elemento inicial Contratación administrativa
9 (RLIN) 58095
651 24 - PUNTO DE ACCESO ADICIONAL DE MATERIA--NOMBRE GEOGRÁFICO
Nombre geográfico España
9 (RLIN) 115342
655 #4 - TÉRMINO DE INDIZACIÓN--GÉNERO/FORMA
Datos o término principal de género/forma Legislación comentada
9 (RLIN) 115338
773 0# - ENLACE AL DOCUMENTO FUENTE
Encabezamiento principal En:
Título La Ley
Lugar editor y fecha de publicación Madrid : 1995
Parte(s) relacionada(s) tomo 4, p. 925-934. - Loc. S.54
Número de control del registro relacionado 104460
942 ## - ELEMENTOS DE PUNTO DE ACCESO ADICIONAL (KOHA)
Tipo de ítem Koha Artículos de revistas
Existencias
Estado de retiro Estado de pérdida Estado dañado No para préstamo Localización permanente Ubicación/localización actual Fecha de adquisición Precio válido a partir de Tipo de ítem Koha
        Biblioteca Central del Ministerio de la Presidencia Biblioteca Central del Ministerio de la Presidencia 21/04/2012 21/04/2012 Artículos de revistas